Robinson Crusoe
Uloženo v:
| Hlavní autor: | |
|---|---|
| Médium: | Kniha |
| Jazyk: | španělština |
| Vydáno: |
Santiago
Cal y Canto
1996
|
| Edice: | Colección Entretenida Soprole
|
| Témata: | |
| Tagy: |
Přidat tag
Žádné tagy, Buďte první, kdo vytvoří štítek k tomuto záznamu!
|
MARC
| LEADER | 00000nam a2200000 a 4500 | ||
|---|---|---|---|
| 001 | UCL3707 | ||
| 003 | CL-VaPUC | ||
| 008 | 031205e19960000CL |||||||||||||||||spa|d | ||
| 082 | 0 | 4 | |a 823 |b DEF |2 21 |
| 100 | |a Defoe, Daniel |e author |9 338739 | ||
| 245 | 1 | 0 | |a Robinson Crusoe |
| 300 | |a 128 p | ||
| 942 | |c BK | ||
| 945 | |d 20031205 00:00:00 |a cmena | ||
| 260 | |a Santiago |b Cal y Canto |c 1996 | ||
| 650 | 0 | |a Novelas inglesas |9 265220 | |
| 650 | 0 | |a Literatura inglesa |9 312907 | |
| 583 | |a last modification |c 20031205 00:00:00 |k Rodrigo Vera | ||
| 490 | 0 | |a Colección Entretenida Soprole | |
| 999 | |c 306717 |d 306715 | ||
| 952 | |0 0 |1 0 |4 0 |6 823_000000000000000_DEF_1996 |7 0 |8 A |9 371959 |a BIBEDU |b BIBEDU |d 2019-11-21 |i 3970396 |o 823 DEF 1996 |p 3970396 |r 2019-11-21 |w 2019-11-21 |y BK |k EPE | ||